header

Everyone at the table (Record no. 7039)

MARC details
000 -LEADER
fixed length control field 01609nam a2200373 a 4500
001 - CONTROL NUMBER
control field ebr10700060
003 - CONTROL NUMBER IDENTIFIER
control field CaPaEBR
006 - FIXED-LENGTH DATA ELEMENTS--ADDITIONAL MATERIAL CHARACTERISTICS--GENERAL INFORMATION
fixed length control field m o u
007 - PHYSICAL DESCRIPTION FIXED FIELD--GENERAL INFORMATION
fixed length control field cr cn|||||||||
008 - FIXED-LENGTH DATA ELEMENTS--GENERAL INFORMATION
fixed length control field 130315s2013 cauad sb 001 0 eng d
010 ## - LIBRARY OF CONGRESS CONTROL NUMBER
Canceled/invalid LC control number 2013006257
020 ## - INTERNATIONAL STANDARD BOOK NUMBER
Cancelled/invalid ISBN 9781118526347 (pbk.)
Cancelled/invalid ISBN 9781118540138 (e-book)
040 ## - CATALOGING SOURCE
Original cataloging agency CaPaEBR
Transcribing agency CaPaEBR
035 ## - SYSTEM CONTROL NUMBER
System control number (OCoLC)849927032
043 ## - GEOGRAPHIC AREA CODE
Geographic area code n-us---
050 14 - LIBRARY OF CONGRESS CALL NUMBER
Classification number LB2838
Item number .B47 2013eb
082 04 - DEWEY DECIMAL CLASSIFICATION NUMBER
Classification number 371.14/4
Edition number 23
100 1# - MAIN ENTRY--PERSONAL NAME
Personal name Behrstock-Sherratt, Ellen.
245 10 - TITLE STATEMENT
Title Everyone at the table
Medium [electronic resource] :
Remainder of title engaging teachers in evaluation reform /
Statement of responsibility, etc Ellen Behrstock-Sherratt, Allison Rizzolo with Sabrina Laine and Will Friedman.
260 ## - PUBLICATION, DISTRIBUTION, ETC. (IMPRINT)
Place of publication, distribution, etc San Francisco :
Name of publisher, distributor, etc Jossey-Bass,
Date of publication, distribution, etc 2013.
300 ## - PHYSICAL DESCRIPTION
Extent xxi, 247 p. :
Other physical details ill.
504 ## - BIBLIOGRAPHY, ETC. NOTE
Bibliography, etc Includes bibliographical references and index.
505 0# - FORMATTED CONTENTS NOTE
Formatted contents note pt. 1. Understanding the teacher evaluation conversation and why it matters -- pt. 2. What we know about effectively engaging teachers -- pt. 3. The engagement process.
533 ## - REPRODUCTION NOTE
Type of reproduction Electronic reproduction.
Place of reproduction Palo Alto, Calif. :
Agency responsible for reproduction ebrary,
Date of reproduction 2013.
Note about reproduction Available via World Wide Web.
-- Access may be limited to ebrary affiliated libraries.
650 #0 - SUBJECT ADDED ENTRY--TOPICAL TERM
Topical term or geographic name as entry element Teachers
General subdivision Rating of
Geographic subdivision United States.
Topical term or geographic name as entry element Teaching
Geographic subdivision United States
General subdivision Evaluation.
655 #7 - INDEX TERM--GENRE/FORM
Genre/form data or focus term Electronic books.
Source of term local
700 1# - ADDED ENTRY--PERSONAL NAME
Personal name Rizzolo, Allison.
Personal name Laine, Sabrina.
Personal name Friedman, Will.
710 2# - ADDED ENTRY--CORPORATE NAME
Corporate name or jurisdiction name as entry element ebrary, Inc.
856 40 - ELECTRONIC LOCATION AND ACCESS
Uniform Resource Identifier <a href="http://site.ebrary.com/lib/rucke/Doc?id=10700060">http://site.ebrary.com/lib/rucke/Doc?id=10700060</a>
Public note An electronic book accessible through the World Wide Web; click to view

No items available.

© 2026 Rongo University
Contact us: librarian | system librarian | Rongo university